Magic the Gathering Deck Names - Statistics

General Stats
  • This quiz has been taken 331 times
  • The average score is 7 of 30
Answer Stats
Hint Answer % Correct
Low casting cost, Mono-White aggro White Weenie
87%
Almost everything in this deck is an artifact, including lands Affinity
61%
This deck has cards that only function from the graveyard. Some say they are playing a totally different game. Dredge
60%
200+ Card deck Battle of Wits
54%
A tempo deck that has more then 16 Lords Merfolk
42%
Black/Green aggro-control The Rock
37%
An eternal format deck that combos with enchantments Enchantress
35%
A deck that can discard to the battlefield Madness
35%
This deck reveals it's deck to show you that it has no lands. You lose. Belcher
32%
This current Legacy deck cares more about what's on the top of the deck then in it's hand Miracles/Countertop
31%
Tye 1 combo deck that abuses the rules interaction between a specific creature and Animate Dead or Dance of the Dead to generate an infinite mana loop Worldgorger Dragon
28%
Land Destruction Deck featuring Gorilla Shaman, Pillage, and Lightning Bolt Ponza
27%
Low casting cost, Mono-Red aggro Sligh
27%
Deck bsed upon cycling cards AstroGlide
23%
The first control deck Keeper
20%
Deck featuring Metalworker MUD
19%
This deck will give you a creature if you don't already have one, then search for a game winning creature Oath
18%
The most basic control deck Draw-Go
17%
Deck featured a creature that taps to put your library into your graveyard, for the win Hermit Druid Combo
14%
Name of this deck is a single card, without it you won't be gaining serious mana by untapping lands over and over again. High Tide
14%
Deck that features Man-Lands and hopes you cast a spell Landstill
13%
Quirion Dryad based deck Gro
11%
The deck that cause so many bannings in Urza's block Academy
8%
The deck that relies on a combo with Volrath's Shapeshifter Full English Breakfast
8%
The Rock-Paper-Scissors in MBS Standard that included Caw-Blade, Decks that beat Caw-Blade and... Valakut
7%
Tenrils of Agony 5-Color The Perfect Storm
5%
Enduring Renewal combo deck, Type 1 Fruity Pebbles
4%
1999 Mono-Red Standard, featuring Covetous Dragon Wildfire
4%
An aggro deck that does not worry about hurting it'self to win Suiside Black
1%
Type 1.5 Combo-Control-Toolbox with Squee Angry Tradewind Survival
0%
No matching quizzes found
Score Distribution
Percent of People with Each Score
Percentile by Number Answered
Your Score History
You have not taken this quiz